Normal view
MARC view
Entry Meeting Name
001 - CONTROL NUMBER
- control field: 51585
003 - CONTROL NUMBER IDENTIFIER
- control field: ARRUPE
005 - DATE AND TIME OF LATEST TRANSACTION
- control field: 20220517083500.0
008 - FIXED-LENGTH DATA ELEMENTS
- fixed length control field: 220517|| aca||aabn | a|a d
040 ## - CATALOGING SOURCE
- Original cataloging agency: ARRUPE
- Transcribing agency: ARRUPE
111 ## - HEADING--MEETING NAME
- Meeting name or jurisdiction name as entry element: Southern African Universities Social Science Conference
- Number of part/section/meeting: (20th :
- Date of meeting: 1997 :
- Location of meeting: Lusaka, Zambia)
670 ## - SOURCE DATA FOUND
- Source citation: Work cat.: (ARRUPE)131428: Southern African Universities Social Science Conference (20th : 1997 : Lusaka, Zambia), Corruption, democracy, and good governance in Africa :, 1999.